Legitimacy of employee voice: role of process intervention (Record no. 103455)

000 -LEADER
fixed length control field 01167pab a2200181 454500
008 - FIXED-LENGTH DATA ELEMENTS--GENERAL INFORMATION
fixed length control field 180718b2013 xxu||||| |||| 00| 0 eng d
100 ## - MAIN ENTRY--PERSONAL NAME
Personal name Srivastava, Bhupen
245 ## - TITLE STATEMENT
Title Legitimacy of employee voice: role of process intervention
260 ## - PUBLICATION, DISTRIBUTION, ETC.
Date of publication, distribution, etc. 2013
300 ## - PHYSICAL DESCRIPTION
Extent p.197-212.
362 ## - DATES OF PUBLICATION AND/OR SEQUENTIAL DESIGNATION
Dates of publication and/or sequential designation Oct
520 ## - SUMMARY, ETC.
Summary, etc. This paper highlights the role of joint participatory fora in institutionalizing employee voice and in creating a culture of excellence based on shared vision, common values, commitment and competency building. The action research was conducted in a multi unit public sector undertaking in India. The corporation had set up joint councils at plant, region and national levels a decade ago. It was discovered that the councils had not contributed significantly to the purpose for which they were constituted. Interventions were made with a view to assessing the effectiveness of joint councils as forums for bringing about continuous improvement in performance parameters through employee voice. - Reproduced.
650 ## - SUBJECT ADDED ENTRY--TOPICAL TERM
Topical term or geographic name entry element Employees
700 ## - ADDED ENTRY--PERSONAL NAME
Personal name Mohapatra, Mamta
773 ## - HOST ITEM ENTRY
Main entry heading Indian Journal of Industrial Relations
908 ## - PUT COMMAND PARAMETER (RLIN)
Put command parameter N
909 ## -
-- 103459
Holdings
Withdrawn status Lost status Damaged status Not for loan Permanent Location Current Location Date acquired Serial Enumeration / chronology Barcode Date last seen Price effective from Koha item type
        Indian Institute of Public Administration Indian Institute of Public Administration 2018-07-19 Volume no: 49, Issue no: 2 AR103919 2018-07-19 2018-07-19 Articles

Powered by Koha